000 00684nam a22002297a 4500
003 UA-OsUOA
001 51402
007 ta
008 20140904b un ||||| |||| 00| 0 ukr d
090 _a011
942 _cBK
040 _aUA-OsUOA
_beng
_cUA-OsUOA
_dUA-OsUOA
245 _aFaculty Publications 1965-1968
_cedit. Wynar L.
300 _a87 p.
955 _a1
041 _aeng
080 _a011
260 _aBowling Green
_bBowling Green University
_c1968
650 7 _a01 Бібліографія і бібліографії. Каталоги
_2UDC
999 _c431530
_d431530